书目信息 |
| 题名: |
数字语音处理及MATLAB仿真
|
|
| 作者: | 张雪英 主编 | |
| 分册: | ||
| 出版信息: | 北京 电子工业出版社 2016.4 |
|
| 页数: | 311页 | |
| 开本: | 26cm | |
| 丛书名: | ||
| 单 册: | ||
| 中图分类: | TN912.3 , TP317MA | |
| 科图分类: | ||
| 主题词: | 语音数据处理--计算机仿真--Matlab软件--高等教育--教材 | |
| 电子资源: | ||
| ISBN: | 978-7-121-28079-5 | |
| 000 | 01216nam0 2200265 450 | |
| 001 | 0400003871 | |
| 005 | 20171025162202.51 | |
| 010 | @a978-7-121-28079-5@dCNY45.00 | |
| 100 | @a20160622e2016 em y0chiy0110 ea | |
| 101 | 0 | @achi |
| 102 | @aCN@b110000 | |
| 105 | @aa z 000yy | |
| 106 | @ar | |
| 200 | 1 | @a数字语音处理及MATLAB仿真@9shu zi yu yin chu li ji MATLAB fang zhen@f张雪英主编 |
| 205 | @a第2版 | |
| 210 | @a北京@c电子工业出版社@d2016.4 | |
| 215 | @a311页@c图@d26cm | |
| 300 | @a“十二五”普通高等教育本科国家级规划教材 电子信息科学与工程类专业规划教材 | |
| 330 | @a本书系统地阐述了语音信号处理的原理、方法、技术和应用,同时给出了部分内容对应的MATLAB仿真源程序。全书共14章,第1-6章是基本理论部分,包括语音信号的数字模型、语音信号的短时时域分析、频域分析及倒谱分析、语音信号线性预测分析和矢量量化;第7-14章是应用部分,包括语音编码、语音合成、语音识别、语音增强、小波分析、人工神经网络及独立分量分析及其在语音信号处理中的应用、语音质量评价和可懂度评价原理及实现。 | |
| 606 | 0 | @a语音数据处理@x计算机仿真@xMatlab软件@x高等教育@j教材 |
| 690 | @aTN912.3@v5 | |
| 690 | @aTP317MA@v5 | |
| 701 | 0 | @a张雪英@9zhang xue ying@4主编 |
| 801 | 0 | @aCN@b91MARC@c20171022 |
| 905 | @b1027191-5@dTN912.3@f5@e82=2 | |
| 数字语音处理及MATLAB仿真/张雪英主编.-第2版.-北京:电子工业出版社,2016.4 |
| 311页:图;26cm |
| “十二五”普通高等教育本科国家级规划教材 电子信息科学与工程类专业规划教材 |
| ISBN 978-7-121-28079-5:CNY45.00 |
| 本书系统地阐述了语音信号处理的原理、方法、技术和应用,同时给出了部分内容对应的MATLAB仿真源程序。全书共14章,第1-6章是基本理论部分,包括语音信号的数字模型、语音信号的短时时域分析、频域分析及倒谱分析、语音信号线性预测分析和矢量量化;第7-14章是应用部分,包括语音编码、语音合成、语音识别、语音增强、小波分析、人工神经网络及独立分量分析及其在语音信号处理中的应用、语音质量评价和可懂度评价原理及实现。 |
| ● |
| 相关链接 |
|
|
|
|
正题名:数字语音处理及MATLAB仿真
索取号:TN912.3/82=2
 
预约/预借
| 序号 | 登录号 | 条形码 | 馆藏地/架位号 | 状态 | 备注 |
| 1 | 1027191 | 210271917 | 第二样本阅览室/ [索取号:TN912.3/82=2] | 在馆 | |
| 2 | 1027192 | 210271926 | 密集书库-物理学院/ [索取号:TN912.3/82=2] | 在馆 | |
| 3 | 1027193 | 210271935 | 第三借阅区/ [索取号:TN912.3/82=2] | 在馆 | |
| 4 | 1027194 | 210271944 | 第三借阅区/ [索取号:TN912.3/82=2] | 在馆 | |
| 5 | 1027195 | 210271953 | 第三借阅区/ [索取号:TN912.3/82=2] | 在馆 |